000 00598nam a22001697a 4500
005 20251108170931.0
008 250721s9999 xx 000 0 ara d
082 1 4 _a217.1/محم
100 1 _aالحكيم، محمد تقي
245 1 0 _aالأصول العامة للفقه المقارن :
_bمدخل إلى دراسة الفقه المقارن /
264 _bدار الأندلس للطباعة و النشر و التوزيع،
_c[19-].
300 _a702ص
650 1 7 _aالمذاهب الإسلامية
650 1 7 _aالفقه المقارن
942 _2ddc
_cREF
999 _c52479
_d52479